| 000 | 00577nam a2200145Ia 4500 | ||
|---|---|---|---|
| 008 | 250506s9999 xx 000 0 und d | ||
| 024 | _a18B-008-EE, 18B-009-EE, 18B-032-EE & 18B-040-EE | ||
| 082 | _a621.6109072 KAN | ||
| 100 | _aAreej Kanwal, M. Hamza Yaseen, Syed M. Yaseen & M. Daniyal Farrukh | ||
| 245 | 0 | _aWireless Water management system | |
| 260 |
_aKarachi: _bUITU, _c2018 |
||
| 600 | _aElectronic Engineering | ||
| 650 | _aBachelor of Engineering (BE) | ||
| 856 |
_uhttps://drive.google.com/file/d/1O4zpY8CRYCugI6iIVUnw94eJBX14IVWP/view?usp=sharing _yClick here for PDF |
||
| 999 |
_c29051 _d29051 |
||